Statistics for K-POP REVIEW (2023)

Click here to take the quiz!

General Stats

  • This quiz has been taken 27 times
  • The average score is 5 of 14

Answer Stats

HintAnswer% Correct
Group That Headlined CoachellaBLACKPINK
79%
ASTRO Member who Passed AwayMoonbin
79%
Girl Group that Debuted with the Song 'Shhh'Kiss of Life
63%
One of the 2 New Groups in the Top 5 Most Monthly Listeners on SpotifyNEW JEANS and FIFTY FIFTY
58%
Boy Group that Debuted under SM EntertainmentRiize
54%
Debut Single of Ex-GIDLE MemberAgassy - SOOJIN
42%
Most Viewed Boy Group M/VSuper - SEVENTEEN
33%
MAMA Song of the YearDitto - NEW JEANS
29%
Most Viewed Group M/VQueencard - (G)-IDLE
29%
Most Viewed Solo M/VFlower - JISOO
25%
One of the 2 People Revealed in the New Years Dispatch Couple RevealIU and Lee Jong Suk
21%
MAMA Album of the YearFML - SEVENTEEN
17%
Most Viewed Group M/V in 24 HoursBatter Up - BABYMONSTER
8%
Idol Who Received an MBERosé
4%

Score Distribution

Percentile by Number Answered

Percent of People with Each Score

Your Score History

You have not taken this quiz